|
|
|
|
| LEADER |
00000nab a2200000 ar4500 |
| 001 |
vtls008827184 |
| 003 |
SK-MaSNL |
| 005 |
20260305035224.0 |
| 008 |
060628c2005 xo wr|n|||||||000 b|slo |
| 015 |
|
|
|a SLLK2005
|2 sllk
|
| 038 |
|
|
|a SLLK
|
| 040 |
|
|
|a SLLK
|b slo
|c sllk
|e AACR2
|
| 041 |
0 |
|
|a slo
|
| 044 |
|
|
|a xo
|c SK
|
| 080 |
|
|
|a 908
|2 1997
|
| 080 |
|
|
|a 796.51
|2 1997
|
| 245 |
0 |
0 |
|a Ľubovnianskou vrchovinou
|b pozvánka do prírody
|c [autor] (bk)
|
| 650 |
0 |
7 |
|a turistické zaujímavosti
|2 snkbucl
|9 73869
|
| 650 |
0 |
7 |
|a turistické trasy
|2 snkbucl
|9 72845
|
| 651 |
|
7 |
|a Ľubovnianska vrchovina (Slovensko : pohorie)
|2 snkbucl
|9 81984
|
| 651 |
|
7 |
|a Stará Ľubovňa (Slovensko : okres)
|2 snkbucl
|9 19196
|
| 773 |
0 |
|
|t Ľubovnianske noviny
|g Roč. XXXI, č. 30 (2005) s. 6
|
| 852 |
|
|
|a SLLK
|b KIS3GCP
|
| 999 |
|
|
|c 3332676
|d 3334606
|